Logo

Description automatically generated
विद्यार्जन
 संसाधन केंद्र, भारतीय प्रौद्योगिकी संस्थान इन्दौर
Learning Resource Center, Indian Institute of Technology Indore

ऑनलाइन सार्वजनिक अभिगम प्रसूची
Online Public Access Catalogue (OPAC)

The postcolonial subject : claiming politics/governing others in late modernity (Record no. 57310)

MARC details
000 -LEADER
fixed length control field 00699nam a2200229Ia 4500
005 - DATE AND TIME OF LATEST TRANSACTION
control field 20260629163254.0
008 - FIXED-LENGTH DATA ELEMENTS--GENERAL INFORMATION
fixed length control field 260629s9999||||xx |||||||||||||| ||und||
020 ## - INTERNATIONAL STANDARD BOOK NUMBER
International Standard Book Number 9780415682114
Qualifying information pbk
082 ## - DEWEY DECIMAL CLASSIFICATION NUMBER
Classification number 325.32
Item number JAB
100 ## - MAIN ENTRY--PERSONAL NAME
Personal name Jabri, Vivienne
245 #4 - TITLE STATEMENT
Title The postcolonial subject : claiming politics/governing others in late modernity
260 ## - PUBLICATION, DISTRIBUTION, ETC.
Place of publication, distribution, etc. London
Name of publisher, distributor, etc. Routledge an imprint of Taylor and Francis Group
Date of publication, distribution, etc. 2013
300 ## - PHYSICAL DESCRIPTION
Extent xii, 185p. ; 23cm.
653 ## - INDEX TERM--UNCONTROLLED
Uncontrolled term Globalization
653 ## - INDEX TERM--UNCONTROLLED
Uncontrolled term International relations
653 ## - INDEX TERM--UNCONTROLLED
Uncontrolled term Political culture
653 ## - INDEX TERM--UNCONTROLLED
Uncontrolled term Postcolonialism
653 ## - INDEX TERM--UNCONTROLLED
Uncontrolled term Postcolonialism
653 ## - INDEX TERM--UNCONTROLLED
Uncontrolled term Power (Social sciences)
653 ## - INDEX TERM--UNCONTROLLED
Uncontrolled term Subjectivity
942 ## - ADDED ENTRY ELEMENTS (KOHA)
Koha item type Book
Holdings
Withdrawn status Lost status Damaged status Not for loan Home library Current library Shelving location Date acquired Source of acquisition Total Checkouts Full call number Barcode Date last seen Price effective from Koha item type
        LRC, IIT Indore LRC, IIT Indore 3rd Floor - General Stack 29/06/2026 Gratis Book Price: GBP 24.99   325.32 JAB G2535 29/06/2026 29/06/2026 Book
Copyright © 2017-2026 Indian Institute of Technology Indore. All Rights Reserved.
Managed & maintained by Learning Resource Center, IIT Indore